vufinder Bibliothèque Municipale de Charleval de Provence
Se connecter

Abeilles et guêpes

abeille mellifère, bourdon terrestre, guêpe poliste, frelon européen...

Book Cover
Auteur principal: David Melbeck
D'autres auteurs: Sophie Giriens
D'autres auteurs: Gaëtan Du Chatenet Lorenzo Dotti
Support: Livres
Langue: Francais
Publié: 2025 La Salamandre Neuchâtel (Suisse)
Genre: Documentaire
Collection: Les petits livres de la nature
Sujets:
Étiquettes: Ajouter
Pas de Tags !

LEADER 01282nam0a2200253 450
001 16847991
010 |a 978-2-88958-583-0  |b cart.  |d 6,9 € 
100 |a 20241227d2025 u u0frey01 ba 
101 0 |a fre 
102 |a CH 
200 0 |a Abeilles et guêpes  |e abeille mellifère, bourdon terrestre, guêpe poliste, frelon européen...  |f textes David Melbeck, Sophie Giriens  |g dessins Gaëtan du Chatenet, Sophie Giriens, Lorenzo Dotti 
207 1 |a   
210 |a Neuchâtel (Suisse)  |c La Salamandre  |d 2025 
215 |a 1 vol. (103 p.)  |c illustrations en noir et en couleur  |d 14 x 11 cm 
225 1 |a Les petits livres de la nature 
300 |a Index 
330 |a Ce guide permet d'identifier les abeilles sauvages et les guêpes les plus communes ou emblématiques des régions françaises : bourdon, collète, eumène, frelon, isodonte, ophion, osmie, scolie, entre autres. Les auteurs détaillent leur mode de vie et leurs particularités, puis indiquent où les observer. 
700 0 |a Melbeck  |b David  |4 70 
701 0 |a Giriens  |b Sophie  |4 70 
702 0 |a Du Chatenet  |b Gaëtan  |4 440 
702 0 |a Dotti  |b Lorenzo  |4 440 
900 |a Documentaire 
901 |a Accessible au prêt 
995 |a Bibliothèque  |c Bibliothèque  |f 00156009422841  |h 00156009422841  |k 595.7 MEL  |o p  |q a  |r az  |e Bibliothèque 

Options de recherche

Historique de recherche
Recherche avancée

Trouver plus

Nouveautés

Besoin d'aide ?

Contacter un bibliothécaire